|
|
|
|
| LEADER |
00000nam0a2200000 4500 |
| 001 |
331961 |
| 005 |
20260415112559.0 |
| 035 |
|
|
|a (RuTPU)RU\TPU\book\357845
|
| 090 |
|
|
|a 331961
|
| 100 |
|
|
|a 20170512d1978 m y0rusy50 ca
|
| 101 |
0 |
|
|a rus
|
| 102 |
|
|
|a RU
|
| 105 |
|
|
|a a j 001zy
|
| 200 |
1 |
|
|a Теория принятия решений
|e конспект лекций
|f В. З. Ямпольский
|g Томский политехнический институт (ТПИ)
|
| 210 |
|
|
|a Томск
|c Изд-во ТПУ
|d 1978
|
| 215 |
|
|
|a 57 с.
|c ил.
|
| 320 |
|
|
|a Библиогр.: с. 54-56
|
| 606 |
1 |
|
|a Принятие решений
|x Организащия производства
|x Математическая теория
|2 stltpush
|3 (RuTPU)RU\TPU\subj\51691
|9 70261
|
| 610 |
1 |
|
|a классификации
|
| 610 |
1 |
|
|a сложные решения
|
| 610 |
1 |
|
|a технология
|
| 610 |
1 |
|
|a теория
|
| 610 |
1 |
|
|a методы измерения
|
| 610 |
1 |
|
|a альтернативы
|
| 610 |
1 |
|
|a условия определенности
|
| 610 |
1 |
|
|a конспекты
|
| 610 |
1 |
|
|a лекции
|
| 610 |
1 |
|
|a труды учёных ТПУ
|
| 675 |
|
|
|a 658.012.011.56(075.8)
|v 4
|
| 700 |
|
1 |
|a Ямпольский
|b В. З.
|c специалист в области электротехники, кибернетики
|c профессор Томского политехнического университета, доктор технических наук
|c заместитель директора Института кибернетики ТПУ по научной работе
|f 1938-2020
|g Владимир Захарович
|9 3170
|
| 712 |
0 |
2 |
|a Томский политехнический институт (ТПИ)
|c (1944-1991)
|3 (RuTPU)RU\TPU\col\1123
|
| 801 |
|
1 |
|a RU
|b 63413507
|c 20170512
|
| 801 |
|
2 |
|a RU
|b 63413507
|c 20170515
|g RCR
|
| 942 |
|
|
|c BK
|